Normal view
MARC view
- المجتمعات الحضرية - البلاد العربية - تخطيط المدن
Entry Topical Term
001 - CONTROL NUMBER
- control field: 18931
003 - CONTROL NUMBER IDENTIFIER
- control field: JO-AjAnu
005 - DATE AND TIME OF LATEST TRANSACTION
- control field: 20230606073321.0
008 - FIXED-LENGTH DATA ELEMENTS
- fixed length control field: 230606|| aca||aabn | a|a d
040 ## - CATALOGING SOURCE
- Original cataloging agency: JO-AjAnu
- Transcribing agency: JO-AjAnu
150 ## - HEADING--TOPICAL TERM
- Topical term or geographic name entry element: المجتمعات الحضرية - البلاد العربية - تخطيط المدن
670 ## - SOURCE DATA FOUND
- Source citation: Work cat.: (JO-AjAnu)9714: أبو عياش، عبد الإله , author 18930, ازمة المدينة العربية